Statistics for Geography of A to Z

Click here to take the quiz!

General Stats

  • This quiz has been taken 348 times
  • The average score is 20 of 26

Answer Stats

HintAnswer% Correct
Small country between Spain and FranceAAndorra
99%
Asian country bordering Thailand, Laos and VietnamCCambodia
96%
Nordic country between Greenland and Continental EuropeIIceland
96%
Country in the Middle East, whose capital is MuscatOOman
95%
Canadian province that the French language is officialQQuebec
94%
Ocean that separates Asia and Oceania from the AmericasPPacific Ocean
93%
Country located in southern Brazil and in eastern ArgentinaUUruguay
93%
City - state located in the city of RomeVVatican
93%
Capital city of New ZealandWWellington
92%
The second most populous country in AfricaE Ethiopia
91%
Capital city of SyriaDDamascus
90%
Country famous for its neutralitySSwitzerland
90%
Famous river that flows in the center of LondonTThames
90%
British territory located in south of SpainGGibraltar
87%
Former name of the Democratic Republic of the CongoZZaire
86%
Country with the worst HDI in the AmericasHHaiti
84%
Country where the seat of Europol is locatedNNetherlands
78%
European peninsula divided between the extreme north of Germany and the continental part of DenmarkJ Jutland
76%
Autonomous territory of China where the Portuguese language is one of the official languages .MMacau
73%
Territory disputed since 1947 by India and PakistanKKashmir
72%
Capital city of BelizeBBelmopan
63%
Polycentric urban area in North Rhine-Westphalia, Germany.RRuhr
58%
Italian region where the capital Rome is locatedLLazio
31%
The Coldest city on the planetYYakutsk
19%
Capital city of Santa Catarina state (Brazil)FFlorianópolis
14%
Capital city of the Mexican state of Veracruz XXalapa
9%

Score Distribution

Percentile by Number Answered

Percent of People with Each Score

Your Score History

You have not taken this quiz